The stowaway : a young man's extraordinary ... Read More
Available copies
- 2 of 2 copies available at LARL/NWRL Consortium. (Show)
- 1 of 1 copy available at Northwest Regional Library.
Current holds
0 current holds with 2 total copies.
Show Only Available Copies
| Location | Call Number / Copy Notes | Barcode | Shelving Location | Status | Due Date |
|---|---|---|---|---|---|
| Godel Memorial-Warren Library | 919.8904 SHA (Text) | 35500006000473 | Main | Available | - |
Record details
- ISBN: 9781476753867
- ISBN: 1476753865
- Physical Description: pages cm
- Edition: First Simon & Schuster hardcover edition.
- Publisher: New York : Simon & Schuster, 2018.
Content descriptions
| General Note: | "Simon & Schuster nonfiction original hardcover"--Title page verso. |
| Bibliography, etc. Note: | Includes bibliographical references and index. |
| Formatted Contents Note: | Prologue -- The Golden Door -- Good Men Should ... Read More |
Search for related items by subject
| LDR | 02080cam a22004698i 4500 | ||
|---|---|---|---|
| 001 | 274925 | ||
| 003 | LARL_NWRL_CONSORTIUM | ||
| 005 | 20171218104415.0 | ||
| 008 | 170215s2018 nyu b 001 0beng | ||
| 010 | . | ‡a 2017007428 | |
| 040 | . | ‡aDLC ‡beng ‡erda ‡cDLC ‡dOCLCO ‡dOCLCQ ‡dBDX ‡dBTCTA ‡dYDX | |
| 020 | . | ‡a9781476753867 ‡q(hardcover ; ‡qalkaline paper) | |
| 020 | . | ‡a1476753865 ‡q(hardcover ; ‡qalkaline paper) | |
| 035 | . | ‡a(OCoLC)974796105 | |
| 042 | . | ‡apcc | |
| 043 | . | ‡at------ ‡an-us-ny | |
| 082 | 0 | 0. | ‡a919.8904 ‡223 |
| 100 | 1 | . | ‡aShapiro, Laurie Gwen, ‡eauthor. ‡0(LARL_NWRL_CONSORTIUM)221971 |
| 245 | 1 | 4. | ‡aThe stowaway : ‡ba young man's extraordinary adventure to Antarctica / ‡cLaurie Gwen Shapiro. |
| 250 | . | ‡aFirst Simon & Schuster hardcover edition. | |
| 264 | 1. | ‡aNew York : ‡bSimon & Schuster, ‡c2018. | |
| 300 | . | ‡apages cm | |
| 336 | . | ‡atext ‡btxt ‡2rdacontent | |
| 337 | . | ‡aunmediated ‡bn ‡2rdamedia | |
| 338 | . | ‡avolume ‡bnc ‡2rdacarrier | |
| 500 | . | ‡a"Simon & Schuster nonfiction original hardcover"--Title page verso. | |
| 504 | . | ‡aIncludes bibliographical references and index. | |
| 505 | 0 | . | ‡aPrologue -- The Golden Door -- Good Men Should Apply -- The City of New York -- The Triumph of the Century -- South Pole or Bust -- First Ice -- The Stowaway Report -- Fine Enough -- Great Depression -- Epilogue. |
| 600 | 1 | 0. | ‡aGawronski, Billy, ‡d1910-1981 ‡xTravel ‡zAntarctica. |
| 651 | 0. | ‡aAntarctica ‡xDescription and travel. ‡0(LARL_NWRL_CONSORTIUM)168261 | |
| 650 | 0. | ‡aStowaways ‡zAntarctica ‡vBiography. | |
| 650 | 0. | ‡aOcean travel ‡xHistory ‡y20th century. | |
| 650 | 0. | ‡aAdventure and adventurers ‡zAntarctica ‡vBiography. | |
| 650 | 0. | ‡aTeenage boys ‡zNew York (State) ‡zNew York ‡vBiography. | |
| 776 | 0 | 8. | ‡iOnline version: ‡aShapiro, Laurie Gwen. ‡tStowaway. ‡bFirst Simon & Schuster hardcover edition. ‡dNew York : Simon & Schuster, 2018 ‡z9781476753881 ‡w(DLC) 2017010926 |
| 905 | . | ‡uvanderl | |
| 901 | . | ‡a274925 ‡b ‡c274925 ‡tbiblio ‡soclc | |

Add to basket
Permalink
Enable Highlighting